El cine de Patricio Guzmán: en busca de las imágenes verdaderas
Salvato in:
| Autore principale: | |
|---|---|
| Natura: | Libro |
| Lingua: | spagnolo |
| Pubblicazione: |
Santiago
Uqbar
2008
|
| Edizione: | 1a. ed |
| Serie: | Colección Cine Chile
|
| Soggetti: | |
| Tags: |
Aggiungi Tag
Nessun Tag, puoi essere il primo ad aggiungerne!!
|
MARC
| LEADER | 00000cam a2200000 a 4500 | ||
|---|---|---|---|
| 001 | UCE7635 | ||
| 003 | CL-VaPUC | ||
| 008 | 150626e20080000cl |||||||||||||||||spa|d | ||
| 020 | |a 9789568601232 | ||
| 082 | 0 | 4 | |a 791.430223392 |b RUF |2 21 |
| 100 | 0 | |a Ruffinelli, Jorge |e author |9 580309 | |
| 245 | 1 | 3 | |a El cine de Patricio Guzmán: en busca de las imágenes verdaderas |
| 250 | |a 1a. ed | ||
| 300 | |a 326 p | ||
| 942 | |c BK | ||
| 945 | |d 20150626 15:30:00 |a gsalatino | ||
| 260 | |a Santiago |b Uqbar |c 2008 | ||
| 650 | 0 | |a Cine chileno |9 265165 | |
| 650 | 0 | |a Directores de cine |9 368705 | |
| 583 | |a last modification |c 20150626 15:30:00 |k Rodrigo Vera | ||
| 490 | 0 | |a Colección Cine Chile | |
| 999 | |c 359690 |d 359688 | ||
| 952 | |0 0 |1 0 |3 erb |4 0 |6 791_430223392000000_RUF_2008 |7 0 |8 A |9 469086 |a FDOSRS |b FDOSRS |i 5164710 |o 791.430223392 RUF 2008 |p 5164710 |r 2025-03-13 |w 2019-11-23 |y BK |z Catalogado en:20150626 |k SRS | ||